01212nam a2200265 a 4500001001000000005001700010008004100027041000800068044000800076084002000084100004500104245013700149260003200286300002500318500015600343500012500499500001100624546002400635650005200659650005600711650003400767650004500801700005000846740005000896BRCA_322420190320204155.0040309s1780----enk#---###---#000-0#eng-# aeng aenk a525b.M94c17801 aCervantes Saavedra, Miguel ded1547-161610aThe History and Adventures of the Renowned Don QuixotecTranslated from the Spanish of Miguel de Cervantes Saavedra by Dr. Smollett. aLondresbMyhew, Isaacc1780 aviii, 388 p.c26 cm. aContenido : 1 v. en dos partes. Primera parte. Introducción del traductor. Prólogos a la primera y la segunda parte del autor. Segunda parte. Texto aReproducción de la traducción de Smollett. Edición económica, de tipos muy pequeños. Semipiel Lúdovik Osterc aQM1330 aTexto en : inglés14aNovela españolayÉpoca clásica, 1500-170014aLiteratura españolayÉpoca clásica, 1500-170014aNovela españolaySiglo XVII14aDon Quijote (Personaje ficticio)eNovela1 aSmollett, Tobias Georged1721-1771eTraductor0 aEl Ingenioso Hidalgo Don Quijote de la Mancha